000 00320nam a22001337a 4500
008 181221b xxu||||| |||| 00| 0 eng d
020 _a9780324145632
041 _aeng
080 _210 TH
_a338
100 _a53
101 _aMAN
245 _aAn Introduction Management science
_cAnderson .S.W
942 _2udc
_cBK
999 _c53600
_d53600